Địa chí làng Đức Phổ
v.v...
Đã lưu trong:
| Tác giả chính: | |
|---|---|
| Định dạng: | Sách |
| Năm xuất bản: |
H.
Lao động
2011
|
| Chủ đề: | |
| Tags: |
Thêm thẻ
Không có thẻ, Hãy là người đầu tiên gắn thẻ bản ghi này!
|
| LEADER | 00639nam a2200181 4500 | ||
|---|---|---|---|
| 082 | |a 398.0959745 |b Đ115TH | ||
| 100 | |a Đặng Thị Kim Liên | ||
| 245 | |a Địa chí làng Đức Phổ |c Đặng Thị Kim Liên | ||
| 260 | |a H. |b Lao động |c 2011 | ||
| 300 | |a 411 tr. |c 21 cm. | ||
| 520 | |a v.v... | ||
| 653 | |a Văn hóa dân gian | ||
| 653 | |a Đồng Hới | ||
| 653 | |a Quảng Bình | ||
| 653 | |a Địa chí | ||
| 942 | |2 ddc |c SH | ||
| 999 | |c 4283 |d 4283 | ||
| 952 | |0 0 |1 0 |2 ddc |4 0 |6 398_095974500000000_Đ115TH |7 0 |8 300 |9 42873 |a qbu |b qbu |c D2 |d 2014-12-19 |g 82000 |o 398.0959745 Đ115TH |p 4633.c1 |r 0000-00-00 |w 2014-12-19 |y SH |0 0 |6 398_095974500000000_Đ115TH | ||